Emotions in rituals and performances / (Record no. 95161)

MARC details
000 -LEADER
fixed length control field 00791nam a22002297a 4500
005 - DATE AND TIME OF LATEST TRANSACTION
control field 20150810110120.0
010 ## - LCCN (DPL NO)
LC control number ENG-113587
020 ## - INTERNATIONAL STANDARD BOOK NUMBER
International Standard Book Number 9780415523042
Terms of availability 995.00
035 ## - SYSTEM CONTROL NUMBER
System control number EN-97119
037 ## - SOURCE OF ACQUISITION
Source of stock number/acquisition DBAD/PUB
082 ## - DEWEY DECIMAL CLASSIFICATION NUMBER
Classification number 306.4
245 ## - TITLE STATEMENT
Title Emotions in rituals and performances /
Statement of responsibility, etc edited by Axel Michaels [and] Christoph Wulf
260 ## - PUBLICATION, DISTRIBUTION, ETC. (IMPRINT)
Place of publication, distribution, etc New Delhi
Name of publisher, distributor, etc Routledge
Date of publication, distribution, etc 2012
270 ## - ADDRESS
Address 912 Tolstoy House, 15-17 Tolstoy Marg, Connaught Place
City New Delhi
Postal code 110001
300 ## - PHYSICAL DESCRIPTION
Extent x,460p. :
Dimensions 24cm(Hb)
Other physical details ill.(some col.)
490 ## - SERIES STATEMENT
Series statement South Asian and European perspectives on rituals and performativity
500 ## - GENERAL NOTE
General note Includes bibliographical references.
520 ## - SUMMARY, ETC.
Summary, etc On the
700 ## - ADDED ENTRY--PERSONAL NAME
Personal name Michaels, Axel
700 ## - ADDED ENTRY--PERSONAL NAME
Personal name Wulf, Christoph
942 ## - ADDED ENTRY ELEMENTS (KOHA)
Source of classification or shelving scheme Dewey Decimal Classification
Item type English Books
Call number suffix EMO
Classification part 306.4
Holdings
Withdrawn status Lost status Not for loan Collection code Home library Current library Date acquired Source of acquisition Cost, normal purchase price Full call number Barcode Copy number Cost, replacement price Koha item type
    Not For Loan Non-fiction D.B.Act.Division D.B.Act.Division 22/07/2015 DBAD/PUB 995.00 306.4 EMO EN-97119 1 995.00 English Books

© Delhi Public Library
Hit Counter
free hit counter